| 000 | 00629nam a22002057a 4500 | ||
|---|---|---|---|
| 999 |
_c2094 _d2094 |
||
| 005 | 20210325173714.0 | ||
| 008 | s2533 th j tha d | ||
| 040 | _aNALT | ||
| 041 | _atha | ||
| 090 |
_aSC _bอ526อ |
||
| 100 | 0 |
_aอัญชัน _911313 |
|
| 245 | 1 | 0 |
_aอัญมณีแห่งชีวิต / _cอัญชัน. |
| 250 | _aพิมพ์ครั้งที่ 2 | ||
| 260 |
_aกรุงเทพฯ : _bคมบาง, _c2533. |
||
| 300 |
_a239 หน้า ; _c21 ซม. |
||
| 650 | 4 |
_aเรื่องสั้น _9460 |
|
| 850 | _aNALT | ||
| 942 |
_cSHT _2local |
||